| 000 | 01528nam0a22003131 4500 | ||
|---|---|---|---|
| 001 | rc\2319191 | ||
| 005 | 20110829143738.5 | ||
| 035 | _a(NLR Aleph) 006673106 | ||
| 090 |
_a5007319 _c5007319 |
||
| 100 | _a20110829d1977 |||y0rusy50 ca | ||
| 101 | 0 | _arus | |
| 102 | _aRU | ||
| 105 | _aa z ||||| | ||
| 200 | 1 |
_aПерспективные процессы и оборудование для изготовления резиновых смесей _fС.П. Кондраков и А.И. Багно _gЦентр. ин-т науч.-техн. информации и техн.-экон. исследований по хим. и нефт. машиностроению |
|
| 210 |
_aМосква _cЦИНТИхимнефтемаш _d1977 |
||
| 215 |
_a76 с. _cил. _d21 |
||
| 225 | 1 |
_aОбзорная информация _hСерия ХМ-2 _iОборудование для переработки пластмасс и резины |
|
| 300 | _aНа обл. авт. не указаны | ||
| 320 | _aСписок лит.: с. 71-75 (124 назв.) | ||
| 606 |
_aРезиновые смеси _jОбзоры литературы информационные _xПроизводство _2rkp |
||
| 700 | 1 |
_aКондраков _bС. П. _gСерафим Петрович |
|
| 701 | 1 |
_aБагно _bА. И. _gАнатолий Иванович |
|
| 801 | 0 |
_aRU _bNLR _gpsbo |
|
| 801 | 1 |
_aRU _bELAR _2rusmarc |
|
| 852 |
_aNLR _j77-4/12899 |
||
| 899 |
_aRuMoRGB _jБ 77-54/883 |
||
| 899 |
_aRuMoRGB _jБ 77-54/884 |
||
| 942 | _cBOOK | ||
| 980 | _aNB | ||